MARC details
| 000 -LEADER |
| campo de control de longitud fija |
03626cam a2200493 a 4500 |
| 001 - NÚMERO DE CONTROL |
| campo de control |
52641 |
| 005 - FECHA Y HORA DE LA ÚLTIMA TRANSACCIÓN |
| campo de control |
20230410103903.0 |
| 008 - DATOS DE LONGITUD FIJA--INFORMACIÓN GENERAL |
| campo de control de longitud fija |
061115s2007 nyuabf b 001 0 eng |
| 010 ## - NÚMERO DE CONTROL DE LA BIBLIOTECA DEL CONGRESO |
| Número de control de LC |
2006047043 |
| 035 ## - NÚMERO DE CONTROL DEL SISTEMA |
| Número de control de sistema |
(OCoLC)ocm76829050 |
| 040 ## - FUENTE DE CATALOGACIÓN |
| Centro catalogador/agencia de origen |
DLC |
| Centro/agencia transcriptor |
DLC |
| Centro/agencia modificador |
BAKER |
| -- |
BTCTA |
| -- |
GK8 |
| -- |
C#P |
| -- |
YDXCP |
| -- |
YBM |
| -- |
BUR |
| -- |
IXA |
| -- |
VP@ |
| 020 ## - NÚMERO INTERNACIONAL ESTÁNDAR DEL LIBRO |
| Número Internacional Estándar del Libro |
9780805070576 (alk. paper) |
| 020 ## - NÚMERO INTERNACIONAL ESTÁNDAR DEL LIBRO |
| Número Internacional Estándar del Libro |
0805070575 (alk. paper) |
| 029 1# - OTRO NÚMERO DE CONTROL DE SISTEMA (OCLC) |
| Identificador de la biblioteca OCLC |
YDXCP |
| Número de control de sistema |
2512117 |
| 035 ## - NÚMERO DE CONTROL DEL SISTEMA |
| Número de control de sistema |
(OCoLC)76829050 |
| 041 1# - CÓDIGO DE IDIOMA |
| Código de lengua del texto/banda sonora o título independiente |
eng |
| Código de lengua original |
heb |
| 043 ## - CÓDIGO DE ÁREA GEOGRÁFICA |
| Código de área geográfica |
a-is--- |
| -- |
aw----- |
| 050 14 - SIGNATURA TOPOGRÁFICA DE LA BIBLIOTECA DEL CONGRESO |
| Número de clasificación |
416 DS 127 |
| Número de ítem |
S454n 2007 |
| 082 00 - NÚMERO DE LA CLASIFICACIÓN DECIMAL DEWEY |
| Número de clasificación |
956.04/6 |
| 049 ## - FONDOS LOCALES (OCLC) |
| Biblioteca depositaria |
GRAL |
| 100 1# - ENTRADA PRINCIPAL--NOMBRE DE PERSONA |
| Nombre de persona |
Segev, Tom, |
| Fechas asociadas al nombre |
1945- |
| 245 10 - MENCIÓN DEL TÍTULO |
| Título |
1967 : |
| Resto del título |
Israel, the war, and the year that transformed the Middle East / |
| Mención de responsabilidad, etc. |
Tom Segev ; translated by Jessica Cohen. |
| 246 3# - FORMA VARIANTE DEL TITULO |
| Título propio/Titulo breve |
Nineteen hundred sixty seven |
| 246 3# - FORMA VARIANTE DEL TITULO |
| Título propio/Titulo breve |
Nineteen sixty seven |
| 250 ## - MENCION DE EDICION |
| Mención de edición |
1st U.S. ed. |
| 260 ## - PUBLICACIÓN, DISTRIBUCIÓN, ETC. |
| Lugar de publicación, distribución, etc. |
New York : |
| Nombre del editor, distribuidor, etc. |
Metropolitan Books, |
| Fecha de publicación, distribución, etc. |
2007. |
| 300 ## - DESCRIPCIÓN FÍSICA |
| Extensión |
x, 673 p., [16] p. of plates : |
| Otras características físicas |
ill., map ; |
| Dimensiones |
25 cm. |
| 504 ## - NOTA DE BIBLIOGRAFÍA, ETC. |
| Nota de bibliografía, etc. |
Includes bibliographical references (p. [587]-642) and index. |
| 520 ## - RESUMEN, ETC. |
| Sumario, etc. |
From Israel's leading historian, a sweeping history of 1967--the war, what led up to it, what came after, and how it changed everything. Journalist Segev recounts the watershed year when six days of war reshaped the country and the entire region. Going far beyond a military account, Segev re-creates the crisis in Israel before 1967, showing how economic recession, a full grasp of the Holocaust's horrors, and the dire threats made by neighbor states combined to produce a climate of apocalypse. He depicts the country's bravado after its victory, an era of new possibilities and tragic missteps. He introduces Moshe Dayan, Golda Meir, Gamal Abdul Nasser, and Lyndon Johnson, and an epic cast of soldiers, lobbyists, refugees, and settlers. He reveals Israel's intimacy with the White House and the political rivalries that sabotaged any chance of peace. Above all, describing a series of disastrous miscalculations, he challenges the view that the war was inevitable.--From publisher description. |
| 505 0# - NOTA DE CONTENIDO CON FORMATO |
| Nota de contenido con formato |
I: Between Rishon Lezion and Manhattan -- Sussita days -- Other people -- II: Between Israel and Palestine -- Maps and dreams -- The Syrian syndrome -- III: The forty days of private Yehoshua Bar-Dayan -- Three weeks to war: what does Nasser want? -- Eleven days to war: Noa's father is waiting -- Ten days to war: what does America want? -- Nine days to war: a terrible situation -- One week to war: the generals' revolt -- Five days to war: the ouster -- Three days to war: the devision -- Day one -- Day two -- Day three -- The final days -- IV: They thought they had won -- A new land -- Victory albums -- The enlightened occupation -- Teddy's project -- Face-to-face with Ishmael -- The blunder -- Hawks and doves -- Starting over -- Absalom days. |
| 650 #0 - PUNTO DE ACCESO ADICIONAL DE MATERIA--TÉRMINO DE MATERIA |
| Término de materia o nombre geográfico como elemento de entrada |
Israel-Arab War, 1967. |
| 651 #0 - PUNTO DE ACCESO ADICIONAL DE MATERIA--NOMBRE GEOGRÁFICO |
| Nombre geográfico |
Israel |
| Subdivisión general |
Politics and government |
| Subdivisión cronológica |
20th century. |
| 650 #4 - PUNTO DE ACCESO ADICIONAL DE MATERIA--TÉRMINO DE MATERIA |
| Término de materia o nombre geográfico como elemento de entrada |
Guerra árabe-israelí, 1967. |
| 651 #4 - PUNTO DE ACCESO ADICIONAL DE MATERIA--NOMBRE GEOGRÁFICO |
| Nombre geográfico |
Israel |
| Subdivisión general |
Política y gobierno |
| Subdivisión cronológica |
Siglo XX. |
| 856 42 - LOCALIZACIÓN Y ACCESO ELECTRÓNICOS |
| Materiales especificados |
Contributor biographical information |
| Identificador Uniforme de Recursos |
<a href="http://www.loc.gov/catdir/enhancements/fy0704/2006047043-b.html">http://www.loc.gov/catdir/enhancements/fy0704/2006047043-b.html</a> |
| 856 42 - LOCALIZACIÓN Y ACCESO ELECTRÓNICOS |
| Materiales especificados |
Publisher description |
| Identificador Uniforme de Recursos |
<a href="http://www.loc.gov/catdir/enhancements/fy0704/2006047043-d.html">http://www.loc.gov/catdir/enhancements/fy0704/2006047043-d.html</a> |
| 856 41 - LOCALIZACIÓN Y ACCESO ELECTRÓNICOS |
| Materiales especificados |
Sample text |
| Identificador Uniforme de Recursos |
<a href="http://www.loc.gov/catdir/enhancements/fy0730/2006047043-s.html">http://www.loc.gov/catdir/enhancements/fy0730/2006047043-s.html</a> |
| 938 ## - |
| -- |
Baker and Taylor |
| -- |
BTCP |
| -- |
2006047043 |
| 938 ## - |
| -- |
YBP Library Services |
| -- |
YANK |
| -- |
2512117 |
| 938 ## - |
| -- |
Baker & Taylor |
| -- |
BKTY |
| -- |
35.00 |
| -- |
26.25 |
| -- |
0805070575 |
| -- |
0007082101 |
| -- |
active |
| 942 ## - ELEMENTOS DE ENTRADA SECUNDARIOS (KOHA) |
| Fuente del sistema de clasificación o colocación |
Clasificación de Library of Congress |
| Tipo de ítem Koha |
|
| 946 ## - PROCESAMIENTO DE INFORMACIÓN LOCAL (OCLC) |
| a |
lmminaya |
| 994 ## - |
| -- |
C0 |
| -- |
DRFGD |